000 00423nam a2200157 i 4500
001 bg
100 1 _aURBAŃSKI, Józef
245 0 _aWykorzystanie systemów nawigacyjnych /
_cJózef Urbański, Zdzisław Kopacz, Janusz Posiła.
260 _aGdańsk,
_c1978.
700 1 _aKOPACZ, Zdzisław
700 1 _aPOSIŁA, Janusz
040 _cBPK
041 _apol
942 _cKS
008 s pl f |000 0 pol
999 _c17955
_d17955
856 _uhttp://koha.tu.koszalin.pl/cgi-bin/koha/opac-detail.pl?biblionumber=17955
_yKatalog online BPK